000 01748cam a22004574i 4500
003 PE-LiUPU
005 20250731173026.0
008 150623s2000 ilua rb 000 0 eng d
020 _a083081597X
035 _a(Sirsi) i9780830815975
040 _aPE-LiUPU
_bspa
_cPE-LiUPU
_erda
049 _aPRUA
082 0 4 _a296.155
_bP28
_221
100 1 _aPate, C. Marvin,
_d1952-,
_eautor.
245 1 0 _aCommunities of the last days /
_cC. Marvin Pate.
264 1 _aDowners Grove, Illinois :
_bInterVarsity Press,
_c2000.
300 _a303 páginas :
_bilustraciones, cuadros
336 _atext
_2rdacontent
337 _aunmediated
_2rdamedia
338 _avolume
_2rdacarrier
504 _aIncluye bibliografía.
505 0 _aForm Exile to the Return -- Prelude to the Story -- The Hermeneutic of Restoration -- Messianism in the DSS & in the NT -- Story, Symbol & Praxis -- The Reverse of the Curse -- The Agony of the Ecstasy -- Monotheism,Covenant & Eschatology -- Exile & Eschatology.
526 _aSEG42
526 _aSEG41
526 _aSEG40
526 _aSEG39
526 _aP94
526 _aP87
526 _aP86
526 _aP85
526 _aP77
526 _aP76
526 _aP35
650 0 4 _aManuscritos del mar muerto
_xCrítica, interpretación, etc.
942 _2ddc
_cBOOK
949 _a296.155 P28
_wDEWEY
_c1
_i47986
_lCCODEBUL1
_mBUL
_r0
_sY
_tBOOK
_u2015-6-24
_xTEOLOGIA
_PP35
_0COMPRA
_o.STAFF. Colección Teología
994 _aC0
_bPEPRU
596 _a1
999 _a296.155 P28
_wDEWEY
_c24463
_i47986
_f2021-11-11
_g5
_lCCODEBUL1
_mBUL
_p30.00
_r0
_sY
_tBOOK
_u2015-6-24
_xTEOLOGIA
_PP35
_0COMPRA
_o.STAFF. Colección Teología
_d24463
980 _81
_gALBERTO SANCHEZ Responsable de Automatización